000 00863cam a2200277 a 4500
008
020 _a0306409259 (v. 1)
049 _aMAIN
090 _aQP571
245 0 0 _aHormone action /
_cedited by Robert F. Goldberger and Keith R. Yamamoto.
260 _aNew York :
_bPlenum Press ,
_cc1982-1984.
300 _a2 v. :
_bill. ;
_c27 cm.
440 _aBiological regulation and development ;
_vv. 3.
504 _aIncludes bibliographical references.
500 _aIncludes index
650 0 _aHormones
_xPhysiological effect.
650 0 _aMetabolism
_xRegulation.
650 2 _aHormones
_xphysiology.
700 1 _aGoldberger, Robert F.
700 1 _aYamamoto, Keith R.
907 _a.b10167018
_b16-01-06
_c04-07-05
003
005 20230123134028.0
040 _cNUST
942 _cBOOKS
_kQP571
999 _c158785
_d158785